Arbitration practice in construction contracts. (Record no. 101000)

MARC details
000 -LEADER
fixed length control field 01521cad a2200229 4500
008 - FIXED-LENGTH DATA ELEMENTS--GENERAL INFORMATION
fixed length control field 000000n2001 000 0 eng u
020 ## - INTERNATIONAL STANDARD BOOK NUMBER
International Standard Book Number 0632057416
-- 9780470698365
035 ## - SYSTEM CONTROL NUMBER
System control number (Sirsi) u109830
100 ## - MAIN ENTRY--PERSONAL NAME
Personal name Stephenson, Douglas A.
245 ## - TITLE STATEMENT
Title Arbitration practice in construction contracts.
Medium [electronic resource]
250 ## - EDITION STATEMENT
Edition statement 5th ed.
260 ## - PUBLICATION, DISTRIBUTION, ETC.
Place of publication, distribution, etc. Oxford
Name of publisher, distributor, etc. Blackwell Science
Date of publication, distribution, etc. 2001
300 ## - PHYSICAL DESCRIPTION
Extent eBook
350 ## - PRICE (NR) (BK AM CF MU VM SE) [OBSOLETE]
Price 35.00
520 ## - SUMMARY, ETC.
Summary, etc. This eBook takes the reader through every stage of an arbitration, setting each one in its legal context and showing how it works in practice. The new edition takes account of changes introduced by the Housing Grants Act and Civil Procedure Rules, changes to the arbitration provisions of the standard forms and important arbitration cases. It has been updated to take account of revised construction contracts and coverage of the 1999 Chartered Institute of Arbitrators rules; features an extensive number of specimen arbitration documents; Douglas Stephenson is a practising arbitrator and past chairman of the Chartered Institute of Arbitrators.
650 ## - SUBJECT ADDED ENTRY--TOPICAL TERM
Topical term or geographic name entry element BUILT ENVIRONMENT-BUILDING CONTRACT FORMS
650 ## - SUBJECT ADDED ENTRY--TOPICAL TERM
Topical term or geographic name entry element MANAGEMENT-DISPUTE AVOIDANCE, MANAGEMENT AND RESOLUTION-DISPUTE MANAGEMENT AND RESOLUTION-ARBITRATION
650 24 - SUBJECT ADDED ENTRY--TOPICAL TERM
Topical term or geographic name entry element EBOOK
690 ## - LOCAL SUBJECT ADDED ENTRY--TOPICAL TERM (OCLC, RLIN)
Topical term or geographic name as entry element MANGEMENT-DISPUTE AVOIDANCE, MANAGEMENT AND RESOLUTION-DISPUTE MANAGEMENT AND RESOLUTION
856 48 - ELECTRONIC LOCATION AND ACCESS
Uniform Resource Identifier <a href="https://www.vlebooks.com/">https://www.vlebooks.com/</a>
Public note View on VLEbooks. Logins for members only from [email protected]
942 ## - ADDED ENTRY ELEMENTS (KOHA)
Suppress in OPAC 0
Holdings
Withdrawn status Lost status Damaged status Not for loan Home library Current library Shelving location Date acquired Cost, normal purchase price Total Checkouts Full call number Barcode Date last seen Date last checked out Copy number Cost, replacement price Price effective from Koha item type Source of classification or shelving scheme
  Missing from bundle     London London Missing 26/02/2001 35.00 35 347.4109 STE 30063612 06/08/2019 14/12/2006 1 35.00 06/08/2019 Book  
        Virtual Virtual Online 23/11/2010 92.63   EBOOK 109830-3001 06/08/2019   1 92.63 06/08/2019 Book Dewey Decimal Classification